Match the province to the country - Statistics

General Stats
  • This quiz has been taken 59 times
  • The average score is 10 of 16
Answer Stats
Hint Answer % Correct
Hesse Germany
89%
Santa Catarina Brazil
81%
Bihar India
79%
Vestfold & Telemark Norway
79%
South Tyrol Italy
77%
Penang Malaysia
74%
County Leitrim Ireland
72%
Styria Austria
64%
Limpopo South Africa
62%
Hainaut Belgium
60%
Lampang Thailand
60%
Iż-Żurrieq Malta
55%
Gard France
53%
Echternach Luxemburg
51%
Valais Switzerland
38%
Na h-Eileanan an Iar United Kingdom
36%
No matching quizzes found
Score Distribution
Percent of People with Each Score
Percentile by Number Answered
Your Score History
You have not taken this quiz